000 00686cam a2200217 4500
001 ABS62416
008 000000n2000 000 0 eng u
035 _a(Sirsi) u106542
100 _aHanson, L.
245 _aDeadly discovery
260 _c2000
490 _aProperty Week
_v65(21) 2 June 2000, 90-91(2)
520 _aThe discovery of an unexploded World War II bomb on Bride Hall Developments site in Bexleyheath, highlights the importance of prepared crisis management plans.
590 _aABS
650 _aROYAL ORDNANCE
650 _aCRISIS MANAGEMENT
650 _aBOMBS
650 _aLONDON
690 _aBUILDING AND CONSTRUCTION-HEALTH & SAFETY
942 _n0
999 _c63812
_d63812